000 00541nam a2200229Ia 4500
008 181205s9999 xx 000 0 und d
020 _a0-06-501946-6
100 _aPytel (Jean Landa)
100 _eAUTHOR
110 _aDr.A.Selvakumar
245 0 _aStudy Guide To Accompany Pytel.Kiusalaas Engineering Mechani
260 _c1994
260 _cHarpercollins College Publishers
300 _bPAPER PACK
300 _ePAPER BACK
300 _gNO
365 _b0
365 _b0
365 _d1
942 _cBK
999 _c119888
_d119888